Statistics for Celebrities!!!!!!!

Click here to take the quiz!

General Stats

  • This quiz has been taken 269 times
  • The average score is 11 of 14

Answer Stats

HintAnswer% Correct
singer with hits such as "Roar" and "California Gurls"Katy Perry
98%
known for earlier girls band "Destiny's Child" and such hits as "Single Ladies" and "Halo"Beyonce
95%
known for singles such as "Rolling in the Deep" and "Someone Like You"Adele
94%
known for his roles in "Titanic" and "Romeo and Juliet"Leonardo DiCaprio
92%
known for earlier role in Hannah MontanaMiley Cyrus
92%
boys music group based from the UKOne Direction
86%
known for her family's reality tv show and modelingKim Kardashian
85%
known for hits such as "Baby" and "Boyfriend"Justin Bieber
83%
hit talk show "Ellen"Ellen Degeneres
78%
acted in "High School Musical" as Troy BoltonZac Efron
76%
acted in "Friends with Benefits" and is the fiancee of Ashton KutcherMila Kunis
67%
known for role in "Victorious" and gaining fame through song collab with Iggy AzaleaAriana Grande
64%
known for singles such as "Where Have you Been" and "Stay"Rihanna
62%
known for fame due to hits such as "Holiday" and "Crazy for You"Madonna
26%

Score Distribution

Percentile by Number Answered

Percent of People with Each Score

Your Score History

You have not taken this quiz